| 000 | 00533nam a2200181 a 4500 | ||
|---|---|---|---|
| 005 | 20140412111324.0 | ||
| 008 | 001111s19uu xx 00 eng d | ||
| 020 | _a1-56173-131-5 | ||
| 050 |
_aER _bMi68 1991 |
||
| 245 |
_aMiss Moppet / _ceditor Cathy Ann Tell. |
||
| 260 |
_a[s.1] : _bPublications International Ltd, _c1991. |
||
| 300 | _a[15] p. ; ill. | ||
| 440 | _aMy Little Book About | ||
| 500 | _aBased on the original story by Beatrix Potter | ||
| 650 | _aCats -- Stories | ||
| 650 | _aCats -- Fiction | ||
| 999 |
_c104498 _d104498 |
||